| 000 | 00372nam a2200157Ia 4500 | ||
|---|---|---|---|
| 100 | _aPetrou/Maria/ Sevilla/P.G | ||
| 650 | _aimage processing | ||
| 942 | _cRB | ||
| 366 | _f20 | ||
| 654 | _aimage processing | ||
| 245 | _aImage processing dealing with texture | ||
| 260 |
_bWiley _aNew Delhi _c2006 |
||
| 082 |
_a621.367/PET _bPET |
||
| 300 | _a618 | ||
| 546 | _aENGLISH | ||
| 999 |
_c34914 _d34914 |
||